Aportes para la expresión escrita
Salvato in:
| Autore principale: | |
|---|---|
| Natura: | Libro |
| Lingua: | spagnolo |
| Pubblicazione: |
Buenos Aires
Magisterio del Río de La Plata
2001
|
| Serie: | Respuestas Educativas - Serie EGB - Polimodal
|
| Soggetti: | |
| Tags: |
Aggiungi Tag
Nessun Tag, puoi essere il primo ad aggiungerne!!
|
MARC
| LEADER | 00000nam a2200000 a 4500 | ||
|---|---|---|---|
| 001 | UCL6666 | ||
| 003 | CL-VaPUC | ||
| 008 | 040416e20010000ag |||||||||||||||||spa|d | ||
| 020 | |a 9505502818 | ||
| 082 | 0 | 4 | |a 808.02 |b CAM |2 21 |
| 100 | 0 | |a Caminos, Miguel Angel |e author |9 484307 | |
| 245 | 1 | 0 | |a Aportes para la expresión escrita |
| 300 | |a 283 p | ||
| 942 | |c BK | ||
| 945 | |d 20040416 00:00:00 |a cmena | ||
| 260 | |a Buenos Aires |b Magisterio del Río de La Plata |c 2001 | ||
| 650 | 0 | |a Retórica |9 266620 | |
| 650 | 0 | |a Redacción escrita |9 484308 | |
| 650 | 0 | |a Métodos de aprendizaje |9 334464 | |
| 583 | |a last modification |c 20171122 12:56:00 |k Rodrigo Vera | ||
| 490 | 0 | |a Respuestas Educativas - Serie EGB - Polimodal | |
| 999 | |c 308657 |d 308655 | ||
| 952 | |0 0 |1 0 |4 0 |6 808_020000000000000_CAM_2001 |7 0 |8 X |9 375332 |a BIBEDU |b BIBEDU |d 2019-11-21 |i 4006984 |o 808.02 CAM 2001 |p 4006984 |r 2023-01-13 |w 2019-11-21 |y BK_X |k LIT | ||